| 000 | 00459nam a22001817a 4500 | ||
|---|---|---|---|
| 003 | CEME | ||
| 005 | 20210628203641.0 | ||
| 008 | 210203b xxu||||| |||| 00| 0 eng d | ||
| 020 | _a0-8031-1185-1 | ||
| 040 | _c. | ||
| 082 | _a620.1123 DEV | ||
| 100 |
_aPotter , John M _966704 |
||
| 245 | _aDevelopment of fatigue loading spectra | ||
| 260 |
_aNEW YORK _bASTM _c1989 |
||
| 300 | _a238P | ||
| 650 |
_aMATERIALS FATIGUE TESTING _966705 |
||
| 942 |
_cBK _2ddc |
||
| 999 |
_c574626 _d574626 |
||